00421 a2200145 4500020001500000050002000015100003000035245006800065250001200133264003200145300002400177500001900201650002600220700002900246 a0314062467 aHF5549 MAT 1997 aMathis, Robert L.eauthor aHuman resource management /cRobert L. Mathis & John H. Jackson a8th ed. aMinneapolisbWest Pubc1997 a602p. :bill.(col.) aIncludes index aPersonnel management. aJackson, John H.eauthor